000 01814nam a2200349 a 4500
001 000020583
003 DO-SdBNP
005 20260321073640.0
007 ta
008 100810s2016 dr r 000 0 spa d
020 _a9789945498974
040 _aDO-SdBNP
_bspa
_cBNPHU
082 4 _a320.97293
_bS232j
_222
100 1 _aSantana Castillo, Jorge
_943312
245 1 0 _aJuan Bosch : utopías inconclusas /
_cJorge Santana Castillo ; presentación Juan Francisco Viloria ; prólogo Luis de León ; introducción.
260 _aSanto Domingo :
_bUniversitaria-UASD,
_c2016.
300 _axliii, 259 p. ;
_c21 cm.
490 0 _aPublicaciones de la Universidad Autónoma de Santo Domingo
500 _aIncluye referencias bibliográficas y notas al pie de las páginas
500 _aLa biblioteca posee 1 ejemplar autografiados por el autor
500 _aIncluye datos biográficos del autor en la contracubierta
504 _aBibliografía: p. 243-257
505 0 _aPresentación --
_tPrólogo --
_tIntroducción --
_tRazones metodológicas --
_tProceso histórico de construcción del pensamiento democrático en Juan Bosch --
_tCimientos y desarrollo de la democracia en la República Dominicana --
_tLa concepción filosófica y política en el pensamiento de Juan Bosch --
_tPrácticas democráticas y pedagógicas en las ideas políticas de Juan Bosch --
_tTrascendencia del pensamiento política de Juan Bosch --
590 _aInventariado, 2020 /LP
600 1 0 _a Bosch, Juan,
_d1909-2001
_xPensamiento político y social
_976555
651 0 _aRepública Dominicana
_xPolítica y gobierno
_945
700 1 _aVilorio, Juan Francisco,
_943313
700 1 _aLeón, Luis de,
_epról.
_943314
710 1 _aUniversidad Autónoma de Santo Domingo
_972951
910 _aValidado, 2022/MFF
942 _2ddc
_cLBS1
999 _c20087
_d20087